Quizzes
Events
Quiz Creation
Community
Videos
Private Events
Remove Ads
Sign In
Join for FREE
Feedback
Dark Mode
Quiz Categories
Sports
Geography
Music
Movies
Television
Just For Fun
Miscellaneous
History
Literature
Language
Science
Gaming
Entertainment
Religion
Holiday
For Kids
Quiz Lab
Recent
Popular Today
Quiz Kudos Today
Editor Picks
Curator Picks
Quizzes by...
Day
Popularity
Type
Ratings
Length
Year
Community
Subscriptions
Recent Discussions
Orange Saloon
Badges
Playlists
Quests
Create
Leaderboards
Showdown
Live 5
Trivia Bingo
Activity
Puzzle Library
Sporcle Events
Private Events
Virtual Trivia
Globe League
Become a Host
Pub Owners
SporcleCon
Opinionation
Our Games
Videos
Blog
Mobile Apps
Partnerships
Remove Ads and Go Orange
Feedback
Sports
Athletes
MLB
NBA
NHL
NFL
Soccer
Sports Teams
WWE
NCAA
Football
Premier League
Basketball
Baseball
Hockey
Golf
Tennis
Cricket
Rugby
Auto Racing
Olympics
World Cup
Sports
Athletes
MLB
NBA
NHL
NFL
Soccer
Sports Teams
WWE
NCAA
Football
Premier League
Basketball
Baseball
Hockey
Golf
Tennis
Cricket
Rugby
Auto Racing
Olympics
World Cup
Random Quiz
Search Sporcle
×
Quiz Lab
Quiz Lab
Sports
Premier League
Type in answers that appear in a list
Type in answers that appear in a list
Classic
Best Score? Go Orange.
Premier League Anagram Stats
Can you name the hidden Premier League Anagrams?
By
Mattyo7
8m
52 Questions
131 Plays
131 Plays
131 Plays
Comments
Comments
Give Quiz Kudos
Give Quiz Kudos
-
- Ratings
hide this ad
More Info
Replay
Link that replays current quiz
Next Quiz
Link to next quiz in quiz playlist
You Got
0%
They Got
Avg Score
41%
Avg Friend Score
Upgrade to see
Score Distribution
Jump to the score distribution portion of the page
Score
0/52
Timer
08:00
0
Plays Today
Anagram
Answer
% Correct
SEAWANS
Swansea
89.3%
IVO REPOLL
Liverpool
87%
MANTICY
Man City
85.5%
LEACHES
Chelsea
77.9%
HAM STEW
West Ham
77.1%
RUSS P
Tottenham Hotspur
75.6%
PRQ
QPR
74.6%
REVOTEN
Everton
67.9%
LALIV
Aston Villa
66.9%
BIGS B
Kieran Gibbs
65.6%
OK SET
Stoke City
65.4%
RUBELNY
Burnley
64.9%
ALEARNS
Arsenal
63.3%
WE R TOMBS
West Brom
61.5%
TACOS
Diego Costa
61.1%
DUNSNARLED
Sunderland
59.5%
HAAZ
Wilfried Zaha
59.2%
NAME
Sadio Mane
57.7%
I AXELS
Alexis Sanchez
57.3%
SING
Danny Ings
56.2%
LAL ALAN
Adam Lallana
55.7%
O ARGUE
Sergio Aguero
51.9%
SICES
Papiss Cisse
50.4%
RETRY
John Terry
49.2%
RIDE
Eric Dier
48.5%
NO YE OR
Wayne Rooney
48.3%
Anagram
Answer
% Correct
ON LAN
Kevin Nolan
45.4%
CLEANEST W
Newcastle
41.5%
CHILLY UT
Hull City
40.5%
I RESELECT
Leicester
35.1%
ACT MI
Nemanja Matic
31.5%
SO KEV
Sam Vokes
31.5%
EL BERLIN
Hector Bellerín
23.8%
COAL MEN
Seamus Coleman
23.1%
DO SWIM
Andre Wisdom
20.8%
CAPITALIZE U
Cesar Azpilicueta
19.8%
COARS
Oscar
15.8%
HAD ROW
Tim Howard
15.8%
NESSY CZZ
Wojciech Szczesny
14.2%
U A TINS
Charlie Austin
13.8%
OIL SRL
Hugo Lloris
13.8%
BLOCK CO
Jack Colback
13%
RISE KEN
Christian Eriksen
11.7%
SIR SUN DOGS
Gylfi Sigurdsson
11.5%
HA TONE
Tom Heaton
10.8%
A MIDAIR
Angel di Maria
10.7%
I FAI BANKS
Lukasz Fabianski
10%
MEOWING DIE
Peter Odemwingie
8.5%
WINE MAN
Andreas Weimann
7.7%
MOONER
Alberto Moreno
6.7%
HEA ROBIN
Saido Berahino
5.4%
MOSAICS BA
Esteban Cambiasso
5%
Quiz Playlist
Details
Report
Send in Message
Add To Playlist
More Info:
Which player is a Wine Man? Which team is an anagram of leaches? Found out in this quiz!
Classic:
Type in answers that appear in a list
Last Updated: Feb 16, 2017
Quiz Scoreboard
CHALLENGE
Sign Up to Join the Scoreboard
Show All
Scores
Hide
Comments
May contain spoilers
Recently Published
Presidents Visiting Landmarks
by Hejman
History
7m
An Introduction to Baseball
by treessimontrees
Sports
5m
Movies - When Are They Set?
by FPL_Elf
Movies
5m
More to Explore
Quiz From the Vault
Featured Blog Post
Where Did the Easter Bunny Come From?
hide this ad
You Might Also Like...
Tags
Premier League Quiz
club
hidden
League
Player
Premier
Today's Top Quizzes in Sports
Browse Sports
hide this ad
Today's Top Quizzes in Premier League
Browse Premier League
Top Contributed Quizzes in Sports
1
Les meilleurs buteurs des matchs entre le PSG et l’OM
2
2022 World Cup Stars
3
FIFA Club World Cup Champions
4
Les entraîneurs de l'OM et du PSG au 21e siècle
5
Name the Premier League winners with different clubs
6
La finale Lions - Afrique du Sud 2021
7
5-to-1: UK Sports Teams
8
England Test cricketers to play under Nasser Hussain
9
Players with Multiple 50 Home Run Seasons
10
AFC Teams Reveal (Wrong Answers Minefield)
Explore More
Trending Topics
NBA
Harry Potter
Anime
Kpop
Marvel
Crossword
Disney
Puzzle
Soccer
WWE
Country
The Office
NFL
Pokémon
Song
hide this ad
More By:
Mattyo7
Quiz
Plays
Rating
Category
Featured
Created
1-5 Blitz
150,910
3.94
Just For Fun
Feb 18, 2015
Multiples of 3 Blitz
98,246
3.98
Science
Mar 7, 2015
17 Ways Not to Say 'Bing'
73,499
4.33
Language
Feb 12, 2015
World Cup Winners (Redux)
62,730
4.68
Sports
Feb 18, 2015
Multiples of 4 Blitz
58,974
4.12
Science
Mar 26, 2015
Go to Creator's Profile
Score Distribution
Quiz Creator Spotlight
Mattyo7
Follow
Send a Message
Quizzes Created
-
Created Quiz Play Count
-
More By This Creator
Popular Quizzes Today
1
Find the US States - No Outlines Minefield
2
Find the Countries of Europe - No Outlines Minefield
3
The Countries of the World
4
Find the US States
5
Popular People in 1961
6
US States
7
Risky Map Clicking: Biggest States A-Z
8
Movies - When Are They Set?
More Sports Quizzes
NHL MVPs (Player Vote)
Published
Trending Quizzes
Risky Map Clicking: Least Populous States A-Z
1-10 Letter G Words
1-10 Letter F Words
Risky Map Clicking: Next State Alphabetically
Risky Map Clicking: Biggest States A-Z
Recently Updated
Leaping Animals
pecheneg
Reality TV Shows (A-Z)
bhenderson79
Rickey Henderson's Hall of Fame Teammates
pecheneg
Champions League XIs: Arsenal
pecheneg
Quick Pick: Celebrities in WWE's Hall of Fame
aduchscher
A-Z Keypad Blitz II
pecheneg
Multiple Oscar Actors
pecheneg
Mystery Phrase Blitz: Oscar 'Best Actors'
pecheneg
F. Scott Fitzgerald Novels
LTH
Pick 3 Villains
ddd62291
Trending Topics
Anime
Disney
Marvel
Kpop
Harry Potter
NBA
Crossword
Country
Song
The Office
WWE
Pokémon
Soccer
NFL
Puzzle
Your Account Isn't Verified!
In order to create a playlist on Sporcle, you need to verify the email address you used during registration. Go to your
Sporcle Settings
to finish the process.
Report this User
Report this user for behavior that violates our
Community Guidelines
.
Details:
Send Report
Go to the Sporcle.com Mobile Site →
Comments